BIBLIOTHÈQUE DE LA MAISON DU MEXIQUE

Logo 1 Logo 2

El oficio de las canchas (notice nᵒ 8700)

détails MARC
000 -Sello discográfico
campo de control de longitud fija 00842nam a2200301 4500
005 - Identificación de versión
campo de control 20251016085045.0
010 ## - Número Estándar Internacional de Libros (ISBN)
Número (ISBN) 970-663-004-X
035 ## - Otros números de control del sistema
Número de control del sistema 29583
099 ## - fechas locales
Tipo de ítem Koha LIBRO
100 ## - Datos de procesamiento general
Datos de procesamiento general 20021126d1998 m y1spay5003 ba
105 ## - Campo de datos codificados: Material textual, monográfico
Datos codificados de monografía a 001zy
200 1# - Título y mención de responsabilidad
Título propio El oficio de las canchas
Designación general del material texto impreso
Otra información del título 1950-1970
Primer mención de responsabilidad Greco Sotelo
205 ## - Declaración de edición
Declaración de edición 1a ed
210 ## - Publicación, distribución, etc.
Lugar de publicación, distribución, etc. México
Nombre del editor, distribuidor, etc. Editorial Clío
Fecha de publicación, distribución, etc. 1998
215 ## - Descripción física
Designación de material específico y extensión del ítem 85 p
Otras características físicas fotos
Dimensiones 28 cm
345 ## - Nota de información de adquisición
Fuente de adquisición/dirección de la suscripción [OBSOLETO] Donación
410 #1 - Series
Título Crónica del futbol mexicano
606 ## - Término temático usado como materia
Elemento de entrada Futbol (Soccer)
Subdivisión temática Historia
Subdivisión geográfica México
Número Koha 14700
660 ## - Código de área geográfica
Código MX
700 ## - Nombre personal - Responsabilidad primaria
Elemento de entrada Sotelo Montaño
Parte del nombre distinta del elemento de entrada Greco
Fechas 1964-
Número Koha 14702
801 #0 - Fuente de origen
Agencia cm
900 ## -
-- 1/3020
900 ## -
-- 7100214809\261102
942 ## - ELEMENTOS DE ENTRADA SECUNDARIOS (KOHA)
Tipo de ítem Koha Livre
996 ## -
-- MEX
-- 751145101
-- MMAG
-- 009574
-- 796.33 S717OF
-- 20240131LIV
Exemplaires
Estatus retirado Estado de daño Estado de pérdida Fecha de adquisición Biblioteca de origen Biblioteca actual Ubicación en estantería Código de barras Precio de reemplazo Signatura topográfica completa No para préstamo Tipo de ítem Koha Nota pública Nota no pública
      05/08/2025 Casa México Paris Casa México Paris   009574 05/08/2025 796.33 S717OF   Livre 20240131LIV 751145101